000 00658nam a2200229Ia 4500
003 OSt
005 20220923225759.0
006 a|||||r|||| 00| 0
007 ta
008 220922b |||||||| |||| 00| 0 hin d
024 _a274,629
037 _cTextual
040 _aARTS
_cARTS
_bhin
041 _2hin
_ahin
082 _aO152.,1J32,11:g, 153L6
100 _aਤੁਲਸੀ ਦਾਸ
245 0 _aਸ੍ਰੀ ਕਵਿਤਾਵਲੀ ਰਾਮਾਇਣ
260 _c1976
650 _aਹਿੰਦੀ ਸਾਹਿਤ
942 _hO152.,1J32,11:g, 153L6
_cTEXL
_2CC
999 _c380359
_d380359